| 000 | 00000nam##2200000za#4500 |
| 001 | 9.577872 |
| 003 | CaOODSP |
| 005 | 20250319161918 |
| 007 | cr ||||||||||| |
| 008 | 150406|1982||||xxc|||||o f|0| 0 eng|d |
| 022 | |a1488-5387 |
| 040 | |aCaOODSP|beng |
| 043 | |an-cn--- |
| 086 | 1 |aFs97-4/1644E-PDF |
| 110 | 1 |aCanada. |bDepartment of Fisheries and Oceans. |
| 245 | 12|aA bio-physical survey of thirty lower Fraser Valley streams / |h[electronic resource]|cby N.D. Schubert. |
| 260 | |aNew Westminster - British Columbia : |bFisheries and Oceans Canada |cJanuary 1982. |
| 300 | |a139p.|bmaps, references, tables, photographs |
| 490 | 1 |aCanadian manuscript report of fisheries and aquatic sciences|x1488-5387|vNo. 1644 |
| 500 | |aThe catalogue number (Fs97-4/1644) and ISSN (0706-6473) for the print edition have been incorrectly copied in this electronic publication. |
| 546 | |a(Résumés en français) |
| 590 | |a13-25-Supp|b2013-10-28 |
| 690 | 07|aSalt water fish|2gcpds |
| 690 | 07|aHydrography|2gcpds |
| 690 | 07|aWatersheds|2gcpds |
| 690 | 07|aAquatic animals|2gcpds |
| 720 | 1 |aSchubert, N. D. |
| 830 | #0|aCanadian manuscript report of fisheries and aquatic sciences,|x1488-5387|vNo. 1644|w(CaOODSP)9.505211 |
| 856 | 40|ahttp://publications.gc.ca|qPDF|s37.52 MB|uhttps://publications.gc.ca/collections/collection_2013/mpo-dfo/Fs97-4-1644-eng.pdf|yNo. 1644 |